Lattice theory

Đã lưu trong:
Chi tiết về thư mục
Tác giả chính: Donnellan, Thomas (Tác giả)
Định dạng: Sách
Ngôn ngữ:Tiếng Anh
Được phát hành: Oxford Pergamon Press 1968
Phiên bản:5a. ed
Những chủ đề:
Các nhãn: Thêm thẻ
Không có thẻ, Là người đầu tiên thẻ bản ghi này!

MARC

LEADER 00000nam a2200000 a 4500
001 UCL7291
003 CL-VaPUC
008 040514e19680000UK |||||||||||||||||eng|d
020 |a 080125638 
082 0 4 |a 511.33  |b DON  |2 21 
100 0 |a Donnellan, Thomas  |e author  |9 485197 
245 1 0 |a Lattice theory 
250 |a 5a. ed 
300 |a 283 p 
942 |c BK 
945 |d 20040514 00:00:00  |a cmena 
260 |a Oxford  |b Pergamon Press  |c 1968 
650 7 |a TEORIA RETICULAR  |2 CL-VaPUC  |9 270725 
583 |a last modification  |c 20040514 00:00:00  |k Rodrigo Vera 
999 |c 309136  |d 309134 
952 |0 0  |1 0  |4 0  |6 511_330000000000000_DON_1968  |7 0  |8 A  |9 376483  |a BIBMAT  |b BIBMAT  |d 2019-11-21  |i 4015428  |o 511.33 DON 1968  |p 4015428  |r 2025-01-07  |w 2019-11-21  |y BK  |k MAT